Đệ nhất cù lao

Viết về cù lao Ông Hổ, nơi đã sinh ra Chủ tịch Tôn Đức Thắng

Spremljeno u:
Bibliografski detalji
Glavni autor: Nguyễn Hùng
Format: Knjiga
Jezik:Undetermined
Izdano: Tp. HCM Văn nghệ 1995
Teme:
Oznake: Dodaj oznaku
Bez oznaka, Budi prvi tko označuje ovaj zapis!
Thư viện lưu trữ: Trung tâm Học liệu Trường Đại học Cần Thơ
LEADER 00565nam a2200181Ia 4500
001 CTU_9096
008 210402s9999 xx 000 0 und d
082 |a 895.9228 
082 |b H513đ 
100 |a Nguyễn Hùng 
245 0 |a Đệ nhất cù lao 
245 0 |c Nguyễn Hùng 
260 |a Tp. HCM 
260 |b Văn nghệ 
260 |c 1995 
520 |a Viết về cù lao Ông Hổ, nơi đã sinh ra Chủ tịch Tôn Đức Thắng 
650 |a historical fiction 
980 |a Trung tâm Học liệu Trường Đại học Cần Thơ